00361nam a2200121Ia 4500008004100000245010000041260001700141260000900158300000800167650002300175650001200198856002900210170516s9999 xx 000 0 und d aDirect Administration of Nerve-Specific Contrast to Improve Nerve Sparing Radical Prostatectomy bTheranostics c2017 a7:3 xMedical Technology xMedtech uhttp://www.thno.org/v7i3